000 01037nam a2200229 a 4500
001 57664
003 BD-RJUL
005 20211209080535.0
008 161211s1931 enk 001 0 eng c
035 _a(BD-RJUL)57788
040 _aCSU
_cCSU
_dOCL
_dBD-RJUL
_beng
041 _aeng
082 _a149.3
_223
_bSMS 1931
090 _aBV5075
_b.S6 1931
100 1 _aSmith, Margaret,
_d1884-1970.
_9171246
245 1 0 _aStudies in early mysticism in the Near and Middle East :
_bbeing an account of the rise and development of early Christian mysticism in the Near and Middle East up to the seventh century, and of the subsequent development of mysticism in Islām known as Sūfism together with some account of the relationship between early Christian mysticism and the earliest form of Islamic mysticism.
_cMargaret Smith
260 _aLondon :
_bThe Sheldon Press,
_c1931.
300 _ax,276 p. ;
_c23cm.
504 _aIncludes index and Bibliography of authors consulted": p. 258-263.
650 0 _aMysticism
_9170678
942 _2ddc
_cBK
999 _c57664
_d57664